[Event "18th Brasschaat Open 2018"]
[Site "Brasschaat"]
[Date "2018.08.23"]
[Round "6"]
[White "Mitran, Anthony Cristian"]
[Black "Grochal, Joey"]
[Result "1/2-1/2"]
[WhiteElo "2096"]
[BlackElo "2300"]
[Annotator "TA"]
[PlyCount "141"]
[EventDate "2018.08.18"]
[EventType "swiss"]
[EventCountry "BEL"]
[SourceTitle "playchess.com"]
[Source "ChessBase"]
[SourceQuality "1"]

{[%evp 11,141,10,44,16,33,14,21,23,34,-31,-18,-16,1,-37,-27,-31,-30,-66,-55,-45,-33,-56,-37,-39,-26,-30,-29,-32,-18,-17,0,-6,-6,-9,-10,-7,0,-26,-5,-5,-7,-8,-7,-7,-8,-7,-4,-6,-2,-2,-4,-5,-7,-7,-5,-8,-7,-29,-16,-85,-74,-97,-44,-53,-62,-125,-141,-135,-107,-133,-134,-114,-80,-80,-80,-80,-80,-80,-80,-80,-80,-80,-80,-100,-98,-63,-63,-72,0,0,0,0,0,-80,-80,-80,-80,-80,0,0,0,0,0,0,0,0,0,0,0,0,0,0,0,0,0,0,0,0,0,0,0,0,0,0,0,0,0,0,0,0,0,0]} 1. Nf3 Nf6 2. b3 d6 3. d4 g6 4. Bb2 Bg7 5. g3 O-O 6. Bg2 Bg4 {LiveBook: 11 Games} 7. h3 {A49: 1 d4 Nf6 2 Nf3 g6 3 g3: Anti-King's Indian systems} Bd7 8. O-O Qc8 9. Kh2 c5 10. Nbd2 $146 (10. c4 $14) ({Predecessor:} 10. c4 Ne4 11. Qc2 Nf6 12. d5 e5 13. dxe6 fxe6 14. Nc3 d5 15. cxd5 exd5 {½-½ (44) Mastrovasilis,D (2631)-Pavlidis,A (2363) Plovdiv 2012}) 10... cxd4 $15 11. Nxd4 Nc6 (11... e5 {keeps more tension.} 12. N4f3 Bc6 13. c4 Rd8 14. b4 b6) 12. Nc4 Nxd4 13. Bxd4 Bc6 14. f3 Qc7 15. Qd2 Rac8 16. a4 b6 17. e4 Rfd8 {[%cal Bf8d8,Bd8d5,Bd5d7][%mdl 32] And now ...d5 would win.} 18. Qf2 d5 19. Be5 Qb7 20. exd5 Rxd5 21. f4 Rd7 22. Bxc6 Qxc6 23. Rad1 Rcd8 24. Qe2 Qe4 (24... Rxd1 {is interesting.} 25. Rxd1 Rxd1 26. Qxd1 Nd5 27. Bxg7 Kxg7 28. Qd4+ f6) 25. Qxe4 Nxe4 26. Rxd7 Rxd7 27. Bxg7 Kxg7 $11 {[%mdl 4096] Endgame KRN-KRN} 28. Kg2 f5 29. Re1 a6 30. Re2 b5 31. axb5 axb5 32. Ne5 Rd1 33. Nd3 Kf6 34. Nb4 e5 35. h4 (35. fxe5+ $11 Kxe5 36. g4) 35... exf4 $17 36. gxf4 Kg7 (36... Ke6 $17) 37. Nd3 Kh6 38. Nf2 (38. Kf3 $15) 38... Nxf2 $1 39. Kxf2 {KR-KR} Kh5 40. Kg3 Rg1+ 41. Kf3 b4 42. Re7 {[%cal Re7h7]} h6 $1 43. Rb7 Rc1 44. Rxb4 Rxc2 45. Rb6 Rh2 $1 {[%cal Rh2h3] aiming for ...Rh3+.} 46. Kg3 Rh1 $1 ({Of course not} 46... Rxh4 47. Rxg6 $1 {[%mdl 512]} Rh1 48. Rf6 $11) 47. b4 {[#]} Rg1+ $1 48. Kf3 Kxh4 49. Rc6 Kh5 (49... Rf1+ $17 50. Ke3 Kh5) 50. Rc2 $1 $11 {[%cal Rc2h2]} g5 $1 {[%cal Rg5g4]} 51. fxg5 hxg5 52. Rb2 (52. Rh2+ $1 $11 {keeps the balance.} Kg6 53. Rb2) 52... g4+ $17 53. Kf2 Rh1 {( -> ...Rh2+)} 54. Kg2 Rd1 (54... Rh3 $17 55. b5 f4) 55. b5 $11 {The position is equal.} f4 {Hoping for ...Kh4.} 56. b6 Rd8 57. b7 Rb8 58. Rb6 Kg5 59. Kf2 Kf5 60. Rb5+ Ke4 61. Rb4+ Ke5 62. Rb5+ Ke6 63. Rb4 Ke5 64. Rb5+ Kd6 65. Rb4 g3+ 66. Kf3 Kc7 67. Rxf4 Rg8 68. Rb4 g2 {[#]} 69. b8=Q+ $1 {[%mdl 512]} Rxb8 70. Rc4+ Kd6 71. Kxg2 {Precision: White = 74%, Black = 56%.} 1/2-1/2

[Event "18th Brasschaat Open 2018"]
[Site "Brasschaat"]
[Date "2018.08.23"]
[Round "6"]
[White "Oudewaal, Vincent"]
[Black "Butzen, Robin"]
[Result "1/2-1/2"]
[WhiteElo "2070"]
[BlackElo "1899"]
[Annotator "NA RC"]
[PlyCount "54"]
[EventDate "2018.08.18"]
[EventType "swiss"]
[EventCountry "BEL"]
[SourceTitle "playchess.com"]
[Source "ChessBase"]
[SourceQuality "1"]
[TimeControl "40/5400+30:1800+30"]

1. c4 {[%emt 0:00:00]} c6 {[%emt 0:00:00]} 2. g3 {[%emt 0:00:00]} d5 {[%emt 0:00:00]} 3. Bg2 {[%emt 0:00:00]} Nf6 {[%emt 0:00:00]} 4. Nf3 {[%emt 0:00:00]} Bf5 {[%emt 0:00:00]} 5. cxd5 {[%emt 0:02:16] LiveBook: 523 Games} cxd5 {[%emt 0:05:02]} 6. Nc3 {[%emt 0:03:44] A11: English Opening: 1...c6} (6. Qb3 Nc6 7. Qxb7 Bd7 8. Qb3 e5 9. O-O e4 10. Ne1 Rb8 11. Qd1 h5 12. d3 h4 13. Bf4 hxg3 14. Bxg3 {½-½ (23) Artemiev,V (2697)-Petrosian,T (2589) Moscow 2018}) 6... Nc6 {[%emt 0:06:39]} 7. Nh4 {[%emt 0:08:15]} Be6 {[%emt 0:07:29]} 8. d4 {[%emt 0:00:13]} g6 {[%emt 0:09:09]} 9. Nf3 {[%emt 0:09:35]} Bg7 {[%emt 0:00:05]} 10. O-O {[%emt 0:00:50]} O-O {[%emt 0:00:02]} 11. Bf4 $146 {[%emt 0:00:41]} ({Predecessor:} 11. b3 Qc8 12. Bb2 {½-½ (12) Gregory,K (2011)-Gostelow,D (2044) Birmingham 2015}) 11... h6 {[%emt 0:12:28]} 12. Ne5 {[%emt 0:01:50]} Rc8 {[%emt 0:05:25]} 13. Qd2 {[%emt 0:02:21]} Kh7 {[%emt 0:20:53]} 14. Rfc1 {[%emt 0:03:28]} Nh5 {[%emt 0:06:10]} 15. Na4 {[%emt 0:09:25]} Nxf4 {[%emt 0:04:56]} 16. gxf4 {[%emt 0:01:17]} Nxe5 {[%emt 0:02:32]} 17. fxe5 {[%emt 0:00:09]} b6 {[%emt 0:01:07]} 18. Nc3 {[%emt 0:02:24]} Qd7 {[%emt 0:01:16]} 19. Qd3 {[%emt 0:03:21]} Bf5 {[%emt 0:01:51]} 20. Qa6 {[%emt 0:02:12]} Bh3 {[%emt 0:00:31]} 21. e3 {[%emt 0:10:45]} Rc4 {[%emt 0:03:54]} 22. Bxh3 {[%emt 0:02:54]} Qxh3 {[%emt 0:00:18]} 23. Nxd5 {[%emt 0:08:39]} Bxe5 {[%emt 0:01:06]} 24. f4 {[%emt 0:00:07]} Qg4+ {[%emt 0:03:21]} 25. Kf2 {[%emt 0:00:23]} Qh4+ {[%emt 0:00:28]} 26. Kg2 $1 {[%emt 0:01:57]} Qg4+ {[%emt 0:00:09]} 27. Kf2 {[%emt 0:00:07]} Qh4+ {[%emt 0:00:03]} 1/2-1/2

[Event "18th Brasschaat Open 2018"]
[Site "Brasschaat"]
[Date "2018.08.23"]
[Round "6"]
[White "De Bock, Thijs"]
[Black "Pattyn, Luc"]
[Result "1-0"]
[WhiteElo "1959"]
[BlackElo "1755"]
[Annotator "NA RC"]
[PlyCount "95"]
[EventDate "2018.08.18"]
[EventType "swiss"]
[EventCountry "BEL"]
[SourceTitle "playchess.com"]
[Source "ChessBase"]
[SourceQuality "1"]
[TimeControl "40/5400+30:1800+30"]

1. e4 {[%emt 0:00:00]} c5 {[%emt 0:05:21]} 2. Nf3 {[%emt 0:01:19]} d6 {[%emt 0:00:47]} 3. d4 {[%emt 0:00:05]} cxd4 {[%emt 0:00:05]} 4. Nxd4 {[%emt 0:00:04]} Nf6 {[%emt 0:00:13]} 5. Nc3 {[%emt 0:00:04]} g6 {[%emt 0:00:09]} 6. Be3 {[%emt 0:00:07]} Bg7 {[%emt 0:00:12]} 7. f3 {[%emt 0:00:28]} O-O {[%emt 0:00:12]} 8. Qd2 {[%emt 0:00:11]} Nc6 {[%emt 0:00:11]} 9. g4 {[%emt 0:00:04]} Be6 {[%emt 0:00:23]} 10. O-O-O {[%emt 0:00:29]} Rc8 {[%emt 0:03:19] LiveBook: 15 Games} 11. Kb1 {[%emt 0:00:32] B76: Sicilian Dragon: Yugoslav Attack, 9 g4 and 9 0-0-0} Nxd4 {[%emt 0:03:37]} 12. Bxd4 {[%emt 0:00:03]} Qa5 {[%emt 0:03:59]} (12... Nd7 13. Bxg7 Kxg7 14. Nd5 f6 15. h4 Rc5 16. g5 fxg5 17. hxg5 Rxf3 18. Be2 Rf8 19. Rh4 Ne5 20. Rdh1 Bg8 21. Qd4 h5 22. gxh6+ Kh7 23. Bd3 Bxd5 24. exd5 Rf6 25. Re4 {½-½ (25) Telepnev,I (2505)-Matei,C (2478) ICCF email 2013}) 13. Nd5 {[%emt 0:00:43]} Qxd2 {[%emt 0:00:16]} 14. Nxe7+ {[%emt 0:00:06]} Kh8 {[%emt 0:00:13]} 15. Rxd2 {[%emt 0:00:06]} Rc7 {[%emt 0:00:22]} 16. Nd5 $146 {[%emt 0:02:17]} ({Predecessor:} 16. g5 Ne8 17. Nd5 Bxd5 18. Bxg7+ Kxg7 19. Rxd5 Rc5 20. Rxc5 dxc5 {1-0 (28) Pytlik,L (2403)-Stein,K (2178) ICCF email 2006}) 16... Bxd5 {[%emt 0:01:16]} 17. exd5 {[%emt 0:00:04]} a6 {[%emt 0:04:23]} 18. h4 {[%emt 0:01:22]} Kg8 {[%emt 0:03:39]} 19. h5 {[%emt 0:01:10]} Nd7 {[%emt 0:00:32]} 20. f4 {[%emt 0:01:16]} (20. Bf2 $16) 20... Re8 {[%emt 0:06:04]} 21. b3 {[%emt 0:03:24]} Re1+ {[%emt 0:03:31]} 22. Kb2 $1 {[%emt 0:00:01]} Re4 {[%emt 0:03:30]} 23. Bxg7 {[%emt 0:00:14]} Kxg7 {[%emt 0:00:06]} 24. hxg6 {[%emt 0:00:37]} fxg6 {[%emt 0:04:02]} 25. Rdh2 {[%emt 0:00:44]} Nf8 {[%emt 0:01:17]} 26. Rf2 {[%emt 0:00:24]} Rf7 {[%emt 0:00:55]} 27. Bd3 {[%emt 0:04:24]} Rexf4 {[%emt 0:01:18]} 28. Rxf4 {[%emt 0:00:01]} Rxf4 {[%emt 0:00:30]} 29. Re1 {[%emt 0:00:03]} Kf7 {[%emt 0:01:39]} 30. Re4 {[%emt 0:00:08]} Rxe4 {[%emt 0:06:33]} 31. Bxe4 {[%emt 0:00:10]} Kf6 {[%emt 0:01:56]} 32. c4 {[%emt 0:01:40]} Nd7 {[%emt 0:00:43]} 33. Bf3 {[%emt 0:02:28]} b6 {[%emt 0:07:08]} 34. b4 {[%emt 0:01:25]} Kg5 {[%emt 0:00:53]} 35. a4 {[%emt 0:02:17] [#]} Kf4 $17 {[%emt 0:04:43]} (35... h5 $1 $19 {and Black stays clearly on top.} 36. b5 (36. gxh5 $2 gxh5 37. Kc3 h4 $19) 36... a5 37. gxh5 gxh5) 36. Be2 {[%emt 0:00:15]} Ke3 {[%emt 0:00:20]} 37. Bd1 {[%emt 0:11:53]} Kd4 {[%emt 0:13:10]} 38. Kb3 {[%emt 0:00:37]} Ne5 {[%emt 0:12:46]} 39. Be2 {[%emt 0:01:36]} h5 {[%emt 0:01:32]} 40. gxh5 {[%emt 0:03:01]} gxh5 {[%emt 0:00:09]} 41. c5 {[%emt 0:31:09]} bxc5 {[%emt 0:31:03]} 42. Bxa6 {[%emt 0:01:14]} cxb4 {[%emt 0:02:32]} 43. Kxb4 {[%emt 0:00:18]} h4 {[%emt 0:00:53]} 44. Bf1 {[%emt 0:01:10]} Nd3+ {[%emt 0:01:45]} 45. Kb5 {[%emt 0:00:28]} Nc5 {[%emt 0:00:42]} 46. Bg2 {[%emt 0:00:39]} h3 {[%emt 0:00:37]} 47. Bh1 {[%emt 0:00:06]} h2 {[%emt 0:02:14]} 48. a5 {[%emt 1:03:04]} 1-0

[Event "18th Brasschaat Open 2018"]
[Site "Brasschaat"]
[Date "2018.08.23"]
[Round "6"]
[White "Van Dijck, Bjarne"]
[Black "Dauw, Sterre"]
[Result "1/2-1/2"]
[WhiteElo "1932"]
[BlackElo "2192"]
[Annotator "TA"]
[PlyCount "165"]
[EventDate "2018.08.18"]
[EventType "swiss"]
[EventCountry "BEL"]
[SourceTitle "playchess.com"]
[Source "ChessBase"]
[SourceQuality "1"]

{[%evp 18,164,2,0,1,-3,24,24,29,25,34,14,43,42,37,48,42,39,143,61,109,103,133,69,91,54,109,110,116,4,4,4,12,0,0,0,0,-10,-6,-6,-7,-20,-9,-70,-70,-96,-108,-128,-90,-103,-104,-160,-166,-345,-345,-422,-422,-414,-414,-453,-425,-370,-279,-505,-460,-1157,-1043,-2367,-2218,-1651,-1540,-12835,-12827,-2875,-2341,-12835,-12836,-12837,-12837,-12836,-12836,-12840,-12840,-12843,-12843,-12844,-12842,-12842,-62,-62,0,0,0,0,0,0,0,0,0,0,0,0,0,0,0,0,0,0,0,0,0,0,0,0,0,0,0,0,0,0,0,0,0,0,0,0,0,0,0,0,0,0,0,0,0,0,0,0,0,0,0,0,0,0,0,0,0,0,0]} 1. e4 e5 2. Nf3 Nc6 3. Nc3 Nf6 4. Bb5 Bd6 5. O-O (5. d3 a6 6. Ba4 b5 7. Bb3 Na5 8. d4 exd4 9. Qxd4 O-O 10. Bg5 Be7 11. e5 Ne8 12. Bxe7 Qxe7 13. Nd5 {½-½ (63) Hou,Y (2658)-Ponomariov,R (2686) Shenzhen 2018}) 5... O-O 6. d3 {C48: Four Knights: 4 Bb5, replies other than 4...Bb4} h6 7. Ne2 Re8 8. c3 Bf8 9. Ng3 a6 10. Ba4 {LiveBook: 14 Games} b5 11. Bb3 Na5 12. Bc2 d5 13. d4 $146 ({Predecessor:} 13. Qe2) 13... Bb7 14. dxe5 dxe4 15. exf6 exf3 16. fxg7 Bxg7 17. gxf3 Qh4 ({Black should play} 17... Qxd1 $14 18. Bxd1 Nc4) 18. Be4 (18. Qd3 $16) 18... Bxe4 19. fxe4 Nc4 20. Qf3 (20. f4 $16) 20... Rad8 21. Qg2 Kh8 (21... Nd2 $14) 22. Nf5 $16 {[%csl Gf5][%cal Rg2g7] [#]} Qf6 23. Qxg7+ (23. f3 $16) 23... Qxg7+ $11 24. Nxg7 Kxg7 25. b3 (25. f3 {looks sharper.} Re6 26. h4 Rd3 27. h5 f5 28. exf5 Rf6 29. b3) 25... Nd2 $36 {[%mdl 2048] Black is more active.} 26. Bxd2 $1 Rxd2 {[%mdl 4096] Endgame KRR-KRR} 27. Rfe1 Rc2 28. c4 bxc4 29. bxc4 Rxc4 30. Rac1 (30. e5 $11) 30... Rexe4 $15 31. Rxc4 Rxc4 {KR-KR} 32. Re2 Rc3 33. Kf1 a5 {[%cal Ba6a5,Ba5a4][%mdl 32]} 34. Ke1 ({Better is} 34. Re4) 34... Kf6 35. f4 $2 (35. Re4) 35... Rc4 $19 36. Re5 a4 37. Rh5 Kg6 38. Rh4 f5 39. Kd2 c5 40. Kd3 $2 (40. a3 {is the only way for White.}) 40... Rb4 41. Kc3 (41. Kc2 $142 h5 42. Kc3) 41... a3 42. Kc2 Rb2+ 43. Kc3 Rxa2 44. Kb3 Ra1 45. Rh3 a2 46. Kb2 Rf1 47. Kxa2 Rxf4 48. Kb3 Rd4 49. Rc3 f4 {[%cal Bf5f4,Bf4f3][%mdl 32]} 50. Rxc5 f3 51. Rc2 Kg5 52. Kc3 Re4 $2 (52... Rd5 $19 {( -> ...Rc5+)} 53. Rd2 Re5) 53. Kd3 $15 Kf4 (53... Re1 $1 $15 54. Rc5+ Kg4 55. Rc4+ Kh3) 54. Rc6 $11 {The position is equal.} Re3+ (54... f2 $5 55. Rf6+ $8 Ke5 56. Rxf2 Rd4+ 57. Ke3 Rh4 $11) 55. Kd4 Re4+ (55... h5 $5 56. Rf6+ $8 Kg5 $11) 56. Kd3 $1 Re5 (56... f2 $5 57. Rf6+ $8 Ke5 58. Rxf2 Rd4+ 59. Ke3 Rh4 $11) 57. Rf6+ Kg4 58. Rg6+ Kh3 59. Rg3+ Kxh2 60. Rxf3 h5 61. Rf8 h4 62. Rg8 h3 {[#] Strongly threatening ...Re1.} 63. Kd2 Kh1 64. Rg7 Kh2 {And now ...Kh1 would win.} 65. Rg8 Ra5 {...Re5 is the strong threat.} 66. Ke2 Ra1 {Threatens to win with ...Ra6.} 67. Kf2 Ra2+ 68. Kf1 Rg2 69. Rh8 Rg5 70. Kf2 Rf5+ 71. Ke2 Kg3 72. Rg8+ Kh4 73. Rh8+ Kg3 74. Rg8+ Kh2 {White must now prevent ...Rf6.} 75. Rg7 Kh1 76. Rg8 h2 {Hoping for ...Rf7.} 77. Rg7 Ra5 {aiming for ...Rf5.} 78. Kf2 Ra1 79. Rg8 Rg1 80. Rf8 Rg2+ 81. Kf1 Rg6 82. Kf2 Rf6+ $2 {[%mdl 8192]} (82... Rb6) 83. Rxf6 {Precision: White = 50%, Black = 64%.} 1/2-1/2

[Event "18th Brasschaat Open 2018"]
[Site "Brasschaat"]
[Date "2018.08.24"]
[Round "7"]
[White "Docx, Stefan"]
[Black "Baselmans, Luuk"]
[Result "1-0"]
[WhiteElo "2444"]
[BlackElo "2100"]
[Annotator "TA"]
[PlyCount "71"]
[EventDate "2018.08.18"]
[EventType "swiss"]
[EventCountry "BEL"]
[SourceTitle "playchess.com"]
[Source "ChessBase"]
[SourceQuality "1"]

{[%evp 17,71,18,17,14,43,29,54,41,43,45,62,67,85,79,92,91,112,78,92,81,100,91,97,99,101,84,153,166,177,126,270,244,244,267,341,312,389,375,401,400,383,375,543,559,553,533,592,591,575,493,1230,1210,1192,1124,1142,1057]} 1. Nf3 Nf6 2. c4 e6 3. e3 b6 (3... d5 4. b3 Be7 5. Bb2 dxc4 6. bxc4 c5 7. Nc3 b6 8. g4 Bb7 9. g5 Nfd7 10. h4 Ne5 11. Nxe5 Bxh1 12. Qa4+ Nd7 13. f3 {0-1 (49) Mamedyarov,S (2801)-Nakamura,H (2777) Saint Louis 2018}) 4. b3 Bb7 5. Bb2 d6 6. d4 {A13: English Opening: 1...e6} Nbd7 7. Bd3 g6 8. O-O Bg7 9. Nc3 $146 ({Predecessor:} 9. Nbd2 O-O 10. Qc2 Re8 11. Ne4 Nxe4 12. Bxe4 Bxe4 13. Qxe4 Nf6 {0-1 (33) Bosiocic,M (2131)-Kristovic,M (2296) Zagreb 2007}) 9... O-O {LiveBook: 3 Games} 10. e4 Qe7 11. Bc2 e5 12. d5 a5 13. a3 Ne8 14. Re1 Kh8 15. Bc1 Bc8 16. Bd2 Nc5 17. Rb1 f5 18. exf5 gxf5 19. b4 Nb7 20. Ng5 $36 {[%mdl 2048] White is in control.} Bf6 21. Qh5 Qg7 (21... Bd7 $142) 22. Ne6 $16 Bxe6 23. Bh6 ({White should play} 23. dxe6 $18 {And now Bh6 would win.} axb4 24. axb4) 23... Qg8 (23... Qg6 $16 24. Qxg6 hxg6) 24. dxe6 $18 {[%cal Bd5e6,Be6e7][%mdl 32]} ({Less strong is} 24. Bxf8 Bf7 $14) 24... Bg7 25. e7 Rf6 26. Bg5 ({Worse is} 26. Bxf5 Rxh6 27. Qf3 Rb8 $11) 26... Qxc4 27. Re3 Qg4 28. Qxg4 fxg4 29. Be4 {[%cal Bc2e4,Be4b7,Bb7c6][%mdl 32]} Rg6 (29... Rb8 $142 30. Bxf6 Bxf6) 30. Bxb7 {White is clearly winning.} Rb8 31. Bc6 Rxg5 32. bxa5 e4 33. Nd5 b5 (33... Nf6 $142 34. Nxf6 Bxf6 35. e8=Q+ Rxe8 36. Bxe8 Rxa5 37. Rxe4 Rg5) 34. Rxe4 Re5 35. Rxe5 Bxe5 36. Rxb5 {Precision: White = 87%, Black = 24%.} 1-0

[Event "18th Brasschaat Open 2018"]
[Site "Brasschaat"]
[Date "2018.08.24"]
[Round "7"]
[White "Grochal, Joey"]
[Black "Boudry, William"]
[Result "1/2-1/2"]
[WhiteElo "2300"]
[BlackElo "2044"]
[Annotator "NA"]
[PlyCount "129"]
[EventDate "2018.08.18"]
[EventType "swiss"]
[EventCountry "BEL"]
[SourceTitle "playchess.com"]
[Source "ChessBase"]
[SourceQuality "1"]
[TimeControl "40/5400+30:1800+30"]

1. d4 {[%emt 0:00:00]} d5 {[%emt 0:00:06]} 2. c4 {[%emt 0:00:00]} e6 {[%emt 0:00:07]} 3. Nc3 {[%emt 0:00:00]} Be7 {[%emt 0:00:07]} 4. Nf3 {[%emt 0:00:00]} Nf6 {[%emt 0:00:12]} 5. Bf4 {[%emt 0:00:42]} O-O {[%emt 0:00:30]} 6. e3 {[%emt 0:00:03]} b6 {[%emt 0:00:20]} 7. Bd3 {[%emt 0:00:29]} c5 {[%emt 0:00:22]} 8. cxd5 {[%emt 0:00:10]} Nxd5 {[%emt 0:00:13]} 9. Nxd5 {[%emt 0:00:09]} exd5 {[%emt 0:00:10]} 10. Qc2 {[%emt 0:03:07] D37: Queen's Gambit Declined: 5 Bf4} (10. O-O c4 11. Bb1 Nc6 12. b3 Be6 13. bxc4 dxc4 14. Qa4 Qd7 15. Qb5 f5 16. Rc1 Qd5 17. a4 Na5 {0-1 (38) Fedoseev,V (2724)-Friedel,J (2562) chess.com INT 2018}) 10... h6 {[%emt 0:00:57]} 11. O-O {[%emt 0:01:59]} c4 {[%emt 0:00:38]} ({Black should try} 11... Nc6 $11) 12. Bh7+ {[%emt 0:02:45]} (12. Bxc4 $5 dxc4 13. Qe4 $16) 12... Kh8 {[%emt 0:00:09]} 13. Bf5 $146 {[%emt 0:03:58]} ({Predecessor:} 13. Ne5 Qe8 14. Bf5 Nc6 15. Rfd1 Bf6 {½-½ (63) Koziej,M (2075)-Weglarz,J (2006) Rewal 2009}) 13... Nc6 {[%emt 0:00:37]} 14. Ne5 {[%emt 0:04:27]} Nxe5 {[%emt 0:01:36]} 15. dxe5 {[%emt 0:00:23]} Bxf5 {[%emt 0:01:52]} 16. Qxf5 {[%emt 0:00:02]} Qc8 {[%emt 0:00:15]} 17. Qh5 {[%emt 0:01:20]} Qe6 {[%emt 0:01:11]} 18. Bg3 {[%emt 0:04:10]} Bc5 {[%emt 0:09:23]} 19. Rad1 {[%emt 0:05:29]} Rad8 {[%emt 0:05:08]} 20. Kh1 {[%emt 0:09:34]} f6 {[%emt 0:29:25]} 21. Bh4 {[%emt 0:20:46]} Be7 {[%emt 0:07:04]} 22. exf6 {[%emt 0:00:29]} Bxf6 {[%emt 0:00:35]} 23. Bxf6 {[%emt 0:00:39]} Rxf6 {[%emt 0:03:38]} 24. Kg1 {[%emt 0:06:34]} Rf5 {[%emt 0:03:49]} 25. Qg4 {[%emt 0:00:58]} Rdf8 {[%emt 0:02:12]} 26. Qd4 {[%emt 0:00:39]} Kg8 {[%emt 0:01:54]} 27. f4 {[%emt 0:05:30]} Re8 {[%emt 0:02:14]} 28. Rf3 {[%emt 0:00:40]} Qe4 {[%emt 0:02:58]} 29. Qxe4 {[%emt 0:00:55]} dxe4 {[%emt 0:00:08]} 30. Rf2 {[%emt 0:00:05]} Ra5 {[%emt 0:00:31]} 31. a3 {[%emt 0:01:01]} c3 {[%emt 0:00:53]} 32. Rd7 {[%emt 0:02:23]} cxb2 {[%emt 0:09:23]} 33. Rxb2 {[%emt 0:00:02]} Rc8 $11 {[%emt 0:00:18]} 34. Re7 {[%emt 0:04:50]} Rxa3 {[%emt 0:09:11]} 35. Rxe4 {[%emt 0:00:07]} Rac3 {[%emt 0:00:14]} 36. h3 {[%emt 0:01:28]} Rc2 {[%emt 0:00:19]} 37. Rxc2 {[%emt 0:00:16]} Rxc2 {[%emt 0:00:01]} 38. Re8+ {[%emt 0:00:06]} Kf7 {[%emt 0:00:22]} 39. Rb8 {[%emt 0:00:05]} Ra2 {[%emt 0:01:19]} 40. Rb7+ {[%emt 0:02:22]} Kf6 {[%emt 0:00:43]} 41. e4 {[%emt 0:31:02]} Ra4 {[%emt 0:30:11]} 42. e5+ {[%emt 0:00:30]} Ke6 {[%emt 0:00:00]} 43. Rxg7 {[%emt 0:00:00]} Rxf4 {[%emt 0:00:00]} 44. Rxa7 {[%emt 0:00:00]} Kxe5 {[%emt 0:00:00]} 45. Rb7 {[%emt 0:00:00]} Rf6 {[%emt 0:00:00]} 46. Kh2 {[%emt 0:00:00]} Kf4 {[%emt 0:00:00]} 47. g4 {[%emt 0:00:00]} Rc6 {[%emt 0:00:00]} 48. Rf7+ {[%emt 0:00:00]} Ke5 {[%emt 0:00:00]} 49. Kg3 {[%emt 0:00:00]} Kd4 {[%emt 0:00:00]} 50. h4 {[%emt 0:00:00]} b5 {[%emt 0:00:00]} 51. g5 {[%emt 0:00:00]} b4 {[%emt 0:00:00]} 52. Kg4 {[%emt 0:00:00]} hxg5 {[%emt 0:00:00]} 53. hxg5 {[%emt 0:00:00]} b3 {[%emt 0:00:00]} 54. Kh5 {[%emt 0:00:00]} Rb6 {[%emt 0:00:00]} 55. Rf1 {[%emt 0:00:00]} b2 {[%emt 0:00:00]} 56. Rb1 {[%emt 0:00:00]} Ke5 {[%emt 0:00:00]} 57. g6 {[%emt 0:00:00]} Kf6 {[%emt 0:00:00]} 58. Kh6 {[%emt 0:00:00]} Rb3 {[%emt 0:00:00]} 59. Rf1+ {[%emt 0:00:00]} Ke5 {[%emt 0:00:00]} 60. g7 {[%emt 0:00:00]} b1=Q {[%emt 0:00:00]} 61. Rxb1 {[%emt 0:00:00]} Rxb1 {[%emt 0:00:00]} 62. g8=Q {[%emt 0:00:00]} Rh1+ {[%emt 0:00:00]} 63. Kg7 {[%emt 0:00:00]} Rg1+ {[%emt 0:00:00]} 64. Kf7 {[%emt 0:00:00]} Rxg8 65. Kxg8 1/2-1/2

[Event "18th Brasschaat Open 2018"]
[Site "Brasschaat"]
[Date "2018.08.24"]
[Round "7"]
[White "Draftian, Ashote"]
[Black "Van Dijck, Bjarne"]
[Result "1/2-1/2"]
[WhiteElo "2247"]
[BlackElo "1932"]
[Annotator "NA"]
[PlyCount "88"]
[EventDate "2018.08.18"]
[EventType "swiss"]
[EventCountry "BEL"]
[SourceTitle "playchess.com"]
[Source "ChessBase"]
[SourceQuality "1"]
[TimeControl "40/5400+30:1800+30"]

1. d4 {[%emt 0:00:04]} Nf6 {[%emt 0:00:00]} 2. e3 {[%emt 0:00:08]} g6 {[%emt 0:01:56]} 3. f4 {[%emt 0:02:09]} d5 {[%emt 0:00:28]} 4. Bd3 {[%emt 0:00:18]} Bg7 {[%emt 0:02:51]} 5. Nf3 {[%emt 0:00:25]} O-O {[%emt 0:03:33]} 6. O-O {[%emt 0:00:49]} c5 {[%emt 0:01:04]} 7. c3 {[%emt 0:01:43]} b6 {[%emt 0:04:55]} 8. Qe2 {[%emt 0:05:24]} Bb7 {[%emt 0:10:10]} 9. Nbd2 {[%emt 0:01:37]} Nbd7 {[%emt 0:03:28] LiveBook: 3 Games A03: Bird's Opening with 1...d5} (9... Nc6 10. b3 cxd4 11. exd4 Ne8 12. Ba3 Nd6 13. Rac1 Re8 14. Ne5 e6 15. Rfe1 Nf5 16. Qf2 a6 17. Ndf3 {0-1 (32) Evdokimov,A (2551)-Pavlov,M (2364) Odessa 2010}) 10. Ng5 {[%emt 0:07:50]} e6 {[%emt 0:16:05]} 11. Qf3 {[%emt 0:17:15]} Qc8 $146 {[%emt 0:05:35]} ({Predecessor:} 11... Qe7 12. Nh3 Ne8 13. a4 Nd6 14. a5 b5 15. a6 Bc6 16. Qe2 Rab8 17. Nf2 {½-½ (74) Mihut,I (2222)-Somogyi,I (2261) Hungary 2003}) 12. Re1 {[%emt 0:07:01]} Qc6 {[%emt 0:12:43]} 13. g4 {[%emt 0:12:52]} h6 {[%emt 0:06:57]} 14. Nh3 {[%emt 0:00:32]} Ne4 {[%emt 0:00:51]} 15. Qg2 {[%emt 0:01:00]} b5 {[%emt 0:14:16]} 16. Nxe4 {[%emt 0:06:54]} dxe4 {[%emt 0:00:07]} 17. Bf1 {[%emt 0:00:25]} f5 {[%emt 0:01:57]} 18. Bd2 {[%emt 0:03:21]} Rac8 $15 {[%emt 0:03:19]} 19. Rac1 {[%emt 0:12:20]} Kh7 {[%emt 0:00:09]} 20. Be2 {[%emt 0:03:11]} Nb6 {[%emt 0:01:50]} 21. b3 {[%emt 0:02:09]} Qd7 {[%emt 0:03:50]} 22. Qg3 {[%emt 0:03:07]} b4 {[%emt 0:02:10]} 23. Rcd1 {[%emt 0:04:35]} cxd4 {[%emt 0:01:40]} 24. cxd4 {[%emt 0:00:33]} a5 {[%emt 0:00:41]} 25. gxf5 {[%emt 0:02:05]} exf5 {[%emt 0:00:12]} 26. Rc1 {[%emt 0:02:07]} Bc6 {[%emt 0:01:33]} 27. Rc5 {[%emt 0:00:59]} a4 {[%emt 0:00:31]} 28. Bxb4 {[%emt 0:00:58]} Nd5 {[%emt 0:00:27]} 29. Rxd5 {[%emt 0:00:30]} Bxd5 {[%emt 0:00:22]} 30. Bxf8 {[%emt 0:00:15]} Bxf8 {[%emt 0:00:10]} 31. bxa4 {[%emt 0:01:12]} Qxa4 {[%emt 0:00:21]} 32. Kf2 {[%emt 0:01:09]} Qxa2 {[%emt 0:00:27]} 33. Ng1 {[%emt 0:00:46]} Rc2 {[%emt 0:00:38]} 34. Kf1 {[%emt 0:00:18]} Bb4 {[%emt 0:00:47]} 35. Rd1 {[%emt 0:00:27]} Bc4 {[%emt 0:00:37]} 36. Qf2 {[%emt 0:00:39]} Bd3 {[%emt 0:00:37]} 37. h4 {[%emt 0:00:22]} Qb2 {[%emt 0:00:35]} 38. h5 {[%emt 0:00:17]} gxh5 {[%emt 0:00:07]} 39. d5 {[%emt 0:00:41]} h4 {[%emt 0:00:20]} 40. Qg2 {[%emt 0:00:26]} h3 {[%emt 0:00:26]} 41. Qxh3 {[%emt 0:30:15]} Rxe2 {[%emt 0:27:02]} 42. Qxf5+ {[%emt 0:00:00]} Kh8 {[%emt 0:00:07]} 43. Qc8+ {[%emt 0:00:00]} Kh7 {[%emt 0:00:06]} 44. Qf5+ {[%emt 0:00:00]} Kh8 {[%emt 0:00:05]} 1/2-1/2